Estadísticas para Nombra un país válido #3

Haz click aquí para tomar la prueba!

Estadísticas generales

  • Esta prueba ha sido tomada 4.299 veces
  • La puntuación promedio es 14 de 20

Estadísticas de respuestas

Nombra un país ...Respuesta% Correcto
cuyo nombre comienza con JJapón | Jamaica | Jordania
99%
cuya capital comienza con "San"Chile | Costa Rica | El Salvador | República Dominicana | San Marino | Santo Tomé y Príncipe | Yemen
89%
que tiene anaranjado en su banderaArmenia | Bután | Costa de Marfil | India | Irlanda | Islas Marshall | Nicaragua | Níger | Sri Lanka | Zambia
80%
con una esperanza de vida de más de 83 añosMónaco | Japón | Singapur | San Marino | Islandia
80%
que tiene territorio en los PirineosAndorra | España | Francia
78%
que se considera uno de los tres estados bálticosEstonia | Letonia | Lituania
76%
que está en África y tiene portugués
como un idioma oficial
Angola | Cabo Verde | Guinea-Bissau | Guinea Ecuatorial | Mozambique | Santo Tomé y Príncipe
75%
que tiene territorio en la península de IndochinaCamboya | Laos | Malasia | Myanmar | Tailandia | Vietnam
73%
cuya moneda es la rupiaIndia | Nepal | Pakistán | Mauricio | Seychelles | Sri Lanka
73%
cuya capital es más fría que MoscúMongolia | Kazajistán | Islandia | Noruega
73%
cuyo nombre comienza con A, pero no termina en AAfganistán | Azerbaiyán
71%
que limitan con CamerúnChad | Gabón | Guinea Ecuatorial | Nigeria | República del Congo | República Centroafricana
71%
cuya capital está en el río DanubioAustria | Eslovaquia | Hungría | Serbia
70%
que toca el mar de coralAustralia | Islas Salomón | Papua Nueva Guinea | Vanuatu
66%
sin aeropuertosAndorra | Liechtenstein | Mónaco | San Marino | Ciudad del Vaticano
63%
que es en las Antillas MayoresBahamas | Cuba | Haití | Jamaica | República Dominicana
61%
con un alto porcentaje de su territorio en el CáucasoArmenia | Azerbaiyán | Georgia
56%
tiene parte de las montañas del AtlasArgelia | Marruecos | Túnez
49%
que tiene más chiítas que sunitasAzerbaiyán | Baréin | Irán | Irak | Líbano
49%
con al menos 10.000 soldados estadounidenses
(sin incluir los EE. UU.)
Japón | Alemania | Italia | Corea del Sur
48%

Distribución de puntuación

Porcentaje por número respondido

Porcentaje de gente con cada puntuación

Historial de tus puntuaciones

No has tomado esta prueba